| 000 | 00549nam a2200193Ia 4500 | ||
|---|---|---|---|
| 003 | OSt | ||
| 005 | 20200814134222.0 | ||
| 008 | 190216s9999||||xx |||||||||||||| ||und|| | ||
| 020 | _a9780333904619 | ||
| 040 | _coclc | ||
| 082 |
_a547.5 _bMUK/R |
||
| 100 |
_aMukherji, S M _94065 |
||
| 245 | 0 |
_aReaction Mechanism In Organic Chemistry / _cS M Mukherji ; S P Singh |
|
| 250 | _a3rd Ed. | ||
| 260 |
_bMacmillan India, _aDelhi: _c1984. |
||
| 300 | _a553p | ||
| 650 | _aChemistry | ||
| 942 |
_cBK _2ddc _h547.2 _iMUK/R _k547.2 _mMUK/R |
||
| 999 |
_c3486 _d3486 |
||